Normal view
MARC view
- Azhar, Shabia
Entry Personal Name
001 - CONTROL NUMBER
- control field: 122746
003 - CONTROL NUMBER IDENTIFIER
- control field: NUST
005 - DATE AND TIME OF LATEST TRANSACTION
- control field: 20240520105734.0
008 - FIXED-LENGTH DATA ELEMENTS
- fixed length control field: 240520|| aca||aabn | a|a d
040 ## - CATALOGING SOURCE
- Original cataloging agency: NUST
- Transcribing agency: NUST
100 ## - HEADING--PERSONAL NAME
- Personal name: Azhar, Shabia
670 ## - SOURCE DATA FOUND
- Source citation: Work cat.: (NUST): Azhar, Shabia , DEAE-Dextran coated AgNPs for antibacterial composite based dental fillings /
